Biện pháp quản lý công tác giáo dục đạo đức cho học sinh THPT huyện Duyên Hải tỉnh Trà Vinh
Cơ sở lý luận về quản lý giáo dục đạo đức học sinh ở trường trung học phổ thông; Thực trạng quản lý công tác giáo dục đạo đức học sinh THPT huyện Duyên hải tỉnh Trà Vinh; Biện pháp quản lý công tác giáo dục đạo đức học sinh ở các Trường THPT huyện Duyên hải tỉnh Trà Vinh......
Сохранить в:
| Главный автор: | |
|---|---|
| Другие авторы: | |
| Формат: | |
| Язык: | Vietnamese |
| Опубликовано: |
Đà Nẵng
Đại học Đà Nẵng
2013
|
| Предметы: | |
| Метки: |
Добавить метку
Нет меток, Требуется 1-ая метка записи!
|
| Thư viện lưu trữ: | Mạng thư viện Đại học Đà Nẵng |
|---|
| LEADER | 01881nam a2200349 4500 | ||
|---|---|---|---|
| 001 | 000019370 | ||
| 003 | 15805 | ||
| 005 | 20140421110454.0 | ||
| 008 | 140421s2013 viesd | ||
| 041 | |a vie | ||
| 082 | 1 | 4 | |a 373.146 |b NG-B |
| 100 | |a Nguyễn Văn Bổ | ||
| 245 | |a Biện pháp quản lý công tác giáo dục đạo đức cho học sinh THPT huyện Duyên Hải tỉnh Trà Vinh |c Nguyễn Văn Bổ ; Trương Công Thanh hướng dẫn. |k Luận văn Thạc sĩ | ||
| 260 | |a Đà Nẵng |b Đại học Đà Nẵng |c 2013 | ||
| 300 | |a 108 tr., phụ lục 9 tr. |c 29 cm. |e Tóm tắt | ||
| 500 | |a Luận văn thạc sĩ Quản lý giáo dục. Chuyên ngành: Quản lý giáo dục. Mã số: 60.14.05. | ||
| 520 | |a Cơ sở lý luận về quản lý giáo dục đạo đức học sinh ở trường trung học phổ thông; Thực trạng quản lý công tác giáo dục đạo đức học sinh THPT huyện Duyên hải tỉnh Trà Vinh; Biện pháp quản lý công tác giáo dục đạo đức học sinh ở các Trường THPT huyện Duyên hải tỉnh Trà Vinh... | ||
| 650 | 0 | 4 | |a Giáo dục trung học |v Luận văn tốt nghiệp |x Giáo dục đạo đức |x Nghiên cứu |z Trà Vinh |
| 653 | |a Quản lý giáo dục | ||
| 653 | |a Giáo dục đạo đức | ||
| 653 | |a Giáo dục trung học | ||
| 700 | 1 | |a Trương Công Thanh |c TS. |e Hướng dẫn | |
| OWN | |a LSP | ||
| AVA | |a UDN50 |b LSP |d 373.146 NG-B |e available |t Error 5001 Not defined in file expand_doc_bib_avail. |f 1 |g 0 |h N |i 0 |k 1 | ||
| 999 | |a From the UDN01 | ||
| AVA | |a UDN50 |b LSP |d 373.146 NG-B |e available |t Error 5001 Not defined in file expand_doc_bib_avail. |f 1 |g 0 |h N |i 0 |k 1 | ||
| TYP | |a Monograph | ||
| TYP | |a Printed language | ||
| 980 | |a Mạng thư viện Đại học Đà Nẵng | ||